Campbeltown - Statistics

General Stats
  • This quiz has been taken 8 times
    7 since last reset
  • The average score is 5 of 11
Answer Stats
Hint Answer % Correct
what is the biggest shop tesco
80%
what is campbeltown commonly known for whisky
80%
where does the ferry go too ardrossan
60%
what is the population of campbeltown 4500
40%
what is the biggest hill bengullion
40%
island that faces campbeltown davaar island
40%
where does this team play kintyre park
40%
what is the famous golf club 10 mins away from campbeltown machrihanish golf club
40%
what is the football team called the pupils
40%
How much was the air base bought by the council for £1
20%
what record did campbeltown aiport boast for many years the biggest runway in the world
0%
No matching quizzes found
Score Distribution
Percent of People with Each Score
Percentile by Number Answered
Your Score History
You have not taken this quiz since the last reset